تنظيم النسل في الفقه الاسلامي /
Saved in:
| Main Author: | |
|---|---|
| Other Authors: | |
| Format: | Thesis |
| Language: | Arabic |
| Published: |
Filastin :
Jami'at al-Najah al-Wataniyah,
2005.
|
| Subjects: | |
| Tags: |
Add Tag
No Tags, Be the first to tag this record!
|
| LEADER | 016400000a22003250004500 | ||
|---|---|---|---|
| 008 | 100924s2005 jo f00 0000 00ara d | ||
| 040 | |a UIAM |b eng | ||
| 041 | |a ara | ||
| 050 | 0 | 4 | |a BP158.5.K47 |
| 100 | 1 | |a زبن، صفاء خالد حامد |9 123338 | |
| 242 | 1 | 0 | |a Tanzim al-nasl fi al-fiqh al-Islami. |
| 245 | 1 | 0 | |a تنظيم النسل في الفقه الاسلامي / |c اعداد صفاء خالد حامد زبن |
| 260 | |a Filastin : |b Jami'at al-Najah al-Wataniyah, |c 2005. | ||
| 300 | |a 162 leaves ; |c 30 cm. | ||
| 336 | |2 rdacontent | ||
| 337 | |2 rdamedia | ||
| 338 | |2 rdacarrier | ||
| 500 | |a "قدةت هذه الأطروحة استكمالا لمطلبات درجة الماجستير في الفقه والتشريع بكلية الدراسات العليا في جامعة النجاح الوطنية في نابلس، فلسطين "On t.p. | ||
| 500 | |a Abstract in English. | ||
| 502 | |a Thesis (M.A.)--Jami'at al-Najah al-Wataniyah, 2005 | ||
| 504 | |a Includes bibliographical references (leaves 146-162). | ||
| 650 | |a Birth control |x Religious aspects Islam |9 70634 | ||
| 655 | |a Theses, Facsimile edition (Islamic) | ||
| 700 | |a Zabin, Safa' Khalid Hamid |9 123339 | ||
| 710 | |a Jami'at al-Najah al-Wataniyah. |b Kulliyat al-Dirasat al-'Ulya |9 90048 | ||
| 710 | |a جامعة النجاح الوطنية. |b كلية الدراسات العليا |9 90049 | ||
| 900 | |a sz-ami | ||
| 942 | |2 lcc |n 0 | ||
| 999 | |c 434816 |d 465685 | ||
| 952 | |0 0 |6 TI BP 000158.000005 K000047 Z000012T 002005 |7 0 |8 THESES |9 757776 |a IIUM |b IIUM |c MULTIMEDIA |g 328.50 |o ti BP 158.5 K47 Z12T 2005 |p 00011147719 |r 2017-10-23 |t 1 |v 328.50 |y THESIS | ||
